Taylor Swift - Paroles Only The Young - Statistiques

Statistiques générales
  • Ce quiz a été pris 33 fois
  • Le résultat moyen est 221 sur 285
Statistiques - réponses
Hint Réponse % Correct
on
100%
The
100%
the
100%
you
100%
You
100%
your
100%
Couplet 1 It
95%
it
95%
so
95%
Couplet 2 So
95%
(so
95%
young
95%
young)
95%
a
91%
only
91%
Only
91%
(only
91%
And
86%
and
86%
can
86%
Can
86%
(can
86%
face
86%
me
86%
run
86%
run,
86%
run)
86%
to
86%
be
82%
busy
82%
do
82%
go
82%
gonna
82%
heard
82%
help
82%
look
82%
moment
82%
news
82%
they
82%
Pré-refrain They
82%
Too
82%
too
82%
us
82%
We
82%
are
77%
awake
77%
Refrain But
77%
could
77%
in
77%
it's
77%
It's
77%
keeps
77%
of
77%
that
77%
themselves
77%
time
77%
bad
73%
helping
73%
just
73%
man
73%
Oh,
73%
this
73%
You're
73%
you're
73%
aren't
68%
big
68%
for
68%
forget
68%
how
68%
matter
68%
ourselves
68%
over
68%
quickly,
68%
think
68%
was
68%
where
68%
all
64%
begun
64%
did
64%
game
64%
got
64%
one
64%
best
59%
inside
59%
save
59%
screaming
59%
spot
59%
they're
59%
TV
59%
Wondering
59%
would
59%
change
55%
(Don't
55%
Post-refrain Don't
55%
gotta
55%
hiding
55%
thing
55%
were
55%
class,
50%
say
50%
clan
45%
every
45%
frozen
45%
his
45%
now
45%
outnumbered,
45%
right
45%
scared
45%
Their
45%
wrong
45%
You've
45%
day
41%
fight
41%
red
41%
sound
41%
tired
41%
Up
41%
with
41%
ones
36%
tricked
36%
finish
32%
hands
32%
line)
32%
line
32%
stained
32%
rigged,
27%
there's
27%
brace
23%
ref
23%
Aucun quiz correspondant
Distribution des résultats
% des personnes avec chaque résultat
Percentile par nombre de réponses
Votre historique - résultats
Vous n’avez pas pris ce quiz